1222 1054 1317 1237 1675 1299 1311 1219 1783 1774 1824 1224 1654 1037 1766 1798 1577 1647 1339 1031 1867 1888 1466 1597 1875 1953 1613 1684 1153 1966 1454 1908 1615 1925 1438 1968 1286 1483 1963 1001 1450 1537 1130 1330 1942 1203 1058 1425 1666 1627 1307 1408 1449 1346 1972 1249 1302 1486 1005 1716 1111 1341 1031 1843 1117 1801 1063 1018 1100 1925 1712 1494 1960 1446 1796 1912 1082 1076 1020 1810 1387 1563 1819 1963 1946 1992 1060 1672 1466 1985 1280 1168 1149 1475 1162 1308 1894 1000 1452 BCNSPRNW ULIB Ver.6.0+V

เปลี่ยนเป็นภาษาไทย

Change to English
 แสดงรายละเอียดบรรณานุกรม
  กลับหน้าหลัก

Brief Record : Get Marc (ISO 2709) : E-mail record : QR code < ปิดหน้าต่าง
LEADER : 00000nam 2200000uu 4500
001    13399120185
003     ULIB
008    120911s2546||||th 000 0 tha d
020    ^a9745718823
060 04 ^aQS504^bก768จ 2546
100 0  ^aเกล็ดแก้ว ด่านวิวัฒน์
245 10 ^aจุลกายวิภาคศาสตร์ /^cเกล็ดแก้ว ด่านวิวัฒน์
250    ^aพิมพ์ครั้งที่ 1
260    ^aกรุงเทพฯ :^bสำนักพิมพ์มหาวิทยาลัยธรรมศาสตร์,^c2546
300    ^a11, 244 หน้า :^bภาพประกอบ ;^c27 ซม.
650  7 ^aจุลกายวิภาคศาสตร์
945    ^p420^l0^i19872
995    ^aวิภา
999    ^aใช้งานได้ทุกระบบ
รายการนี้ยังไม่มีแท็ก
คุณยังไม่ได้ล็อกอิน คุณสามารถมีกิจกรรมร่วมกับเว็บไซต์ได้ แต่ต้องล็อกอินก่อน ::
  ล็อกอิน

รายการสื่อสารสนเทศ

ลำดับที่ ประเภท เลขเรียก/บาร์โค้ด สถานที่ สถานะ
1. วิทยาศาสตร์การแพทย์ และสุขภาพ
วิทยาศาสตร์การแพทย์ และสุขภาพ
QS504 ก768จ 2546  
  Barcode: 19872
ห้องสมุดวิทยาเขตสวรรค์ประชารักษ์
►นวนิยาย
บนชั้น
  ขอยืม

รายการใกล้เคียง
    ผู้แต่ง [เกล็ดแก้ว ด่านวิวัฒน์]

    หัวเรื่อง [จุลกายวิภาคศาสตร์]

BibComment


ยังไม่เคยถูกคอมเมนท์

คอมเมนท์ทรัพยากรรายการนี้
  คอมเมนท์: จุลกายวิภาคศาสตร..


 Copyright 2026. Bcnsprnw @Library